000 00342nam a2200145Ia 4500
008 150301s2015 xx 000 0 und d
082 _a551.5152
_bB15R
100 _aRAO, SRIDHAR
245 _aBIOSTATISTICS FOR PHARMACY STUDENT
250 _a2ND
260 _bAITBS DELHI
300 _a170
650 _aBIOSTATISTICS
942 _2ddc
_cBK
_05
999 _c7274
_d7274